Advanced calculus : functions of several variables /
Guardado en:
| Autor Principal: | |
|---|---|
| Formato: | Libro |
| Idioma: | English Polish |
| Publicado: |
Warszawa :
PWN-Polish Scientific Publishers,
1969.
|
| Series: | Monografie matematyczne ;
t. 51 |
| Etiquetas: |
Agregar Etiqueta
Sin Etiquetas, Sea el primero en etiquetar este registro!
|
| LEADER | 00934cam a22002415a 4500 | ||
|---|---|---|---|
| 001 | MAT.inmabb002195 | ||
| 008 | 780118s1969####pl#a#####b####001#0#eng#d | ||
| 005 | 20130219151659.0 | ||
| 245 | 1 | 0 | |a Advanced calculus : |b functions of several variables / |c Roman Sikorski. |
| 260 | |a Warszawa : |b PWN-Polish Scientific Publishers, |c 1969. | ||
| 300 | |a 460 p. : |b il. ; |c 25 cm. | ||
| 440 | 0 | |a Monografie matematyczne ; |v t. 51 | |
| 500 | |a Traducción de: Rachunek rózniczkowy l calkowy : funkcje wielu zmiennych. Warszawa : PWN, 1967. | ||
| 500 | |a "A slight modification of the lectures [the author] gave at Warsaw University in 1963/64." | ||
| 504 | |a Bibliografía: p. [439] | ||
| 500 | |a Fe de erratas insertada. | ||
| 510 | 4 | |a MR, |c 40 #7396 | |
| 100 | 1 | |a Sikorski, Roman. | |
| 240 | 1 | 0 | |a Rachunek rozniczkowy i calkowy. |l English |
| 084 | |a 26.20 |2 MR | ||
| 010 | |a 75010903 | ||
| 041 | 1 | |a eng |h pol | |
| 859 | |h 26 |i Si579 |p A-3856 |b BIB. MATEMATICA | ||
